[Event "CZE-chT2D 1213"]
[Site "Czech Republic"]
[Date "2012.11.18"]
[Round "3.6"]
[White "Rybak, Milan"]
[Black "Machlowski, Slawomir"]
[Result "1-0"]
[WhiteElo "2211"]
[BlackElo "2181"]
[PlyCount "79"]
[EventDate "2012.10.14"]
[EventType "team-tourn"]
[EventRounds "11"]
[EventCountry "CZE"]
[SourceTitle "EXT 2016"]
[Source "ChessBase"]
[SourceDate "2015.10.08"]
[SourceVersion "1"]
[SourceVersionDate "2015.10.08"]
[SourceQuality "1"]
[WhiteTeam "Nachod"]
[BlackTeam "Rychnov nad Kneznou"]
[WhiteTeamCountry "CZE"]
[BlackTeamCountry "CZE"]

1. e4 e6 2. d4 c5 3. c3 d5 4. Nd2 Nf6 5. e5 Nfd7 6. Bd3 b6 7. Ne2 Ba6 8. Bxa6 Nxa6 9. 0-0 Nc7 10. f4 g6 11. Nf3 Bg7 12. Be3 Qc8 13. Bf2 Qa6 14. Bh4 0-0 15. a4 Rfc8 16. g4 f6 17. Ng3 Rf8 18. exf6 Bxf6 19. Bxf6 Rxf6 20. Ne5 Rd8 21. Qd2 Nxe5 22. dxe5 Rff8 23. f5 Rd7 24. fxg6 Rxf1+ 25. Rxf1 hxg6 26. Qf4 Qc8 27. Qg5 Rg7 28. Qf6 Qe8 29. Kg2 Qf7 30. Qg5 Qe8 31. b3 a6 32. Rf3 Qc6 33. Qd8+ Qe8 34. Qd6 Qb8 35. Rf6 Qa8 36. Kg1 Qa7 37. Rf8+ Kh7 38. Qd8 g5 39. Rh8+ Kg6 40. Qf6# 1-0

[Event "CZE-chT2c 0506"]
[Site "Czech Republic"]
[Date "2005.11.20"]
[Round "3.2"]
[White "Rybak, Milan"]
[Black "Forman, Stepan"]
[Result "0-1"]
[WhiteElo "2217"]
[BlackElo "2283"]
[PlyCount "52"]
[EventDate "2005.10.16"]
[EventType "team"]
[EventRounds "11"]
[EventCountry "CZE"]
[SourceTitle "EXT 2009"]
[Source "ChessBase"]
[SourceDate "2008.11.26"]
[SourceVersion "1"]
[SourceVersionDate "2008.11.26"]
[SourceQuality "1"]
[WhiteTeam "Nachod"]
[BlackTeam "Vrsovice"]
[WhiteTeamCountry "CZE"]
[BlackTeamCountry "CZE"]

1. e4 c5 2. c3 d5 3. exd5 Qxd5 4. d4 Nc6 5. Nf3 e5 6. Nxe5 Nxe5 7. dxe5 Qxe5+ 8. Be3 Bd7 9. Nd2 Nf6 10. Nf3 Qc7 11. Bc4 Bd6 12. Qb3 0-0 13. Ng5 Bc6 14. 0-0-0 Bf4 15. Kb1 Bxe3 16. fxe3 b5 17. Be2 h6 18. Nf3 c4 19. Qb4 Nd5 20. Rxd5 Bxd5 21. Qxb5 Rfd8 22. Rd1 Rab8 23. Qa4 Qb6 24. Qa3 Qxe3 25. Nd4 Be4+ 26. Ka1 Qxe2 0-1